| 000 | 00839nam a22002417a 4500 | ||
|---|---|---|---|
| 003 | BD-DhJNU | ||
| 005 | 20250907045621.0 | ||
| 008 | 250907b |||||||| |||| 00| 0 eng d | ||
| 020 | _a9840800825 | ||
| 040 |
_aBD-DhJNU _bENG _cBD-DhJNU _dBD-DhJNU |
||
| 082 |
_223 _a954.92046 BAN |
||
| 245 |
_aBangladesh South Asia and the world / _cedited by Emajuddin Ahamed and Abul Kalam |
||
| 260 |
_aDhaka : _bAcademic Publishers, _c1992. |
||
| 300 |
_ax, 302p. : _bill. ; _c23 cm. |
||
| 504 | _aIncludes bibliographical references | ||
| 650 |
_aBangladesh _xPolitics and government _z1971 |
||
| 650 |
_aBangladesh _vRelations _xSouth Asia |
||
| 650 |
_aSouth Asia _xPolitics and government |
||
| 650 |
_a South Asia _xRelations _zBangladesh |
||
| 700 |
_aAhamed, Emajuddin _eeditor |
||
| 700 |
_aKalam, Abul _eeditor |
||
| 942 |
_2ddc _cBK _n0 |
||
| 999 |
_c2082 _d2082 |
||